000
00293nam a2200121Ia 4500
005
20251222144715.0
008
251222s9999||||xx |||||||||||||| ||spa||
082
_a
861.5/I59
245
0
_a
Martín Fierro
250
_a
1ra. ed.
264
_b
Instituto Salesiano de Arte Gráficas
942
_c
LIB
999
_c
17989
_d
17989